000 00490nam a2200181Ia 4500
999 _c27368
_d27368
003 OSt
005 20201202131103.0
008 190216s9999||||xx |||||||||||||| ||und||
020 _a8185546754
040 _coclc
082 _a894.8123
_bNAS/L
100 _aNasrin, Taslima
_95644
245 0 _aLajja /
_cTaslima Nasrin
260 _bImprint Books,
_aKollam:
_c1996.
300 _a128p
650 _aMalayalam
942 _cBK
_2ddc
_h894.8123
_iNAS/L
_k894.8123
_mNAS/L